000 00376nam a2200169Ia 4500
001 22565
003 IN-NITTTR
005 20251114233254.0
008 251113s9999||||xx |||||||||||||| ||eng||
040 _beng
040 _cIN-NITTTR
041 _aeng
082 _a613.70449 T32L
100 _aThapar, G. D.
245 0 _aLife after 50 /
_cThapar, G. D.
942 _2ddc
_cBK
999 _c25194
_d25194